|
|
|
|
| LEADER |
00000nam a2200000 i 4500 |
| 001 |
1/70563 |
| 008 |
080116s2006 eng d |
| 020 |
|
|
|a 978-3-540-26249-7
|
| 020 |
|
|
|a 3-540-26249-0
|
| 035 |
|
|
|l 10093711
|
| 040 |
|
|
|a GR-MY-UA
|b gre
|e aacr
|
| 041 |
0 |
|
|a eng
|
| 082 |
0 |
|
|a 333.714
|2 (22)
|
| 100 |
1 |
|
|a Lerche, I.
|q (Ian)
|
| 245 |
1 |
0 |
|a Environmental risk assessment :
|b quantitative measures, anthropogenic influences, human impact /
|c Ian Lerche, Walter Glaesser
|
| 260 |
|
|
|b Springer,
|c 2006
|
| 300 |
|
|
|a xii, 343 σ.;
|b σχέδια, πιν.;
|c 25 εκ.
|
| 504 |
|
|
|a Βιβλιογραφία: σ. 329-339
|
| 650 |
0 |
0 |
|a Environmental risk assessment.
|
| 650 |
0 |
0 |
|a Environmental impact analysis.
|
| 650 |
0 |
0 |
|a Health risk assessment.
|
| 650 |
0 |
0 |
|a Risk assessment.
|
| 700 |
1 |
|
|a Glasser, Walter.
|
| 852 |
|
|
|a INST
|b CHIOS
|e 20080116
|h 333.714 LER
|p 005200027892
|q 005200027892
|t BK
|y 0
|
| 901 |
|
|
|a BIBL2-2008-1
|
| 909 |
|
|
|a Χ
|b 143647
|
| 922 |
|
|
|a 2ΕΛΗ
|b 200712
|c ΕΠΕΑΕΚ2/ΤΜΟΔ
|d ΕΛΕΥΘΕΡΟΥΔΑΚΗΣ
|
| 970 |
|
|
|a ΑΤΣΑΛΗ
|b ΔΕΣΠΟΙΝΑ
|z 2008/01/16
|